Nová ekonomika a management dopravy
Pojem doprava. Fungovanie prepravného trhu. Nutnosť potreby premiestňovania. Doprava ako proces. Funkcie dopravy pri uspokojovaní potrieb. Význam dopravy pre fungovanie reprodukčného procesu. Dopravná politika. Identifikácia nového chápania dopravného podnikania. Princípy financovania dopravnej obsl...
Gespeichert in:
| 1. Verfasser: | |
|---|---|
| Format: | Buchkapitel |
| Sprache: | Tschechisch |
| Schlagworte: | |
| Tags: |
Keine Tags, Fügen Sie das erste Tag hinzu!
|
MARC
| LEADER | 00000naa$a2200000$$$4500 | ||
|---|---|---|---|
| 001 | 0058300 | ||
| 005 | 20231116104405.8 | ||
| 041 | 0 | |a cze | |
| 044 | |a CZ | ||
| 245 | 1 | 0 | |a Nová ekonomika a management dopravy |c Jan Eisler |
| 520 | |a Pojem doprava. Fungovanie prepravného trhu. Nutnosť potreby premiestňovania. Doprava ako proces. Funkcie dopravy pri uspokojovaní potrieb. Význam dopravy pre fungovanie reprodukčného procesu. Dopravná politika. Identifikácia nového chápania dopravného podnikania. Princípy financovania dopravnej obsluhy. | ||
| 610 | 2 | 0 | |a Česko |
| 610 | 2 | 0 | |a manažment |
| 610 | 2 | 0 | |a ekonomika nová |
| 610 | 2 | 0 | |a preprava |
| 610 | 2 | 0 | |a politika dopravná |
| 610 | 2 | 0 | |a trh dopravný |
| 610 | 2 | 0 | |a doprava |
| 100 | 1 | |a Eisler, Jan | |